[Event "Barcelona Sant Marti op-B 23rd"]
[Site "Barcelona"]
[Date "2023.07.13"]
[Round "1"]
[White "Sanchez Miguel, Jaume"]
[Black "Vargas Drechsler, Carlos"]
[Result "0-1"]
[WhiteElo "1499"]
[BlackElo "1838"]
[PlyCount "70"]
[EventDate "2023.07.13"]
[EventType "swiss"]
[EventRounds "9"]
[EventCountry "ESP"]
[SourceTitle "CBM 215 Extra"]
[Source "ChessBase"]
[SourceDate "2023.09.30"]
[SourceVersion "1"]
[SourceVersionDate "2023.09.30"]
[SourceQuality "1"]

1. e4 e5 2. Nf3 Nc6 3. Bb5 a6 4. Ba4 d6 5. 0-0 Nf6 6. Re1 b5 7. Bb3 Na5 8. c3 Nxb3 9. axb3 Be7 10. h3 Bb7 11. d3 h6 12. Nbd2 0-0 13. Nf1 c5 14. Ng3 Bc8 15. Be3 Qc7 16. Qd2 Kh7 17. Nh2 d5 18. exd5 Nxd5 19. Nf3 f5 20. c4 bxc4 21. bxc4 Nb4 22. Nxe5 Qxe5 23. Bxh6 Qf6 24. Bf4 Bd6 25. Bxd6 Qxd6 26. Qg5 Qf6 27. Qh5+ Kg8 28. Qe2 Bb7 29. Nh5 Qc6 30. f3 Rae8 31. Qd2 Rxe1+ 32. Rxe1 Re8 33. Rd1 Qe6 34. Kh2 Qe3 35. Qc3 Qg5 0-1

[Event "Barcelona Sant Marti op-B 22nd"]
[Site "Barcelona"]
[Date "2022.07.13"]
[Round "1"]
[White "Lozon Urena, Xavier"]
[Black "Vargas Drechsler, Carlos"]
[Result "0-1"]
[WhiteElo "1502"]
[BlackElo "1858"]
[PlyCount "44"]
[EventDate "2022.07.13"]
[EventType "swiss"]
[EventRounds "9"]
[EventCountry "ESP"]
[SourceTitle "CBM 210 Extra"]
[Source "ChessBase"]
[SourceDate "2022.11.30"]
[SourceVersion "1"]
[SourceVersionDate "2022.11.30"]
[SourceQuality "1"]

1. e4 d6 2. d4 Nf6 3. Nc3 g6 4. Be2 Bg7 5. Be3 Nc6 6. Qd2 e5 7. Bb5 exd4 8. Bxd4 0-0 9. Bxc6 bxc6 10. f3 d5 11. 0-0-0 Be6 12. e5 Nd7 13. f4 c5 14. Bf2 c6 15. Kb1 Rb8 16. Nf3 f6 17. Rhe1 fxe5 18. fxe5 Rxf3 19. gxf3 Nxe5 20. Qe2 Bf5 21. Ne4 Rxb2+ 22. Kxb2 Nd3+ 0-1

[Event "Barcelona Vila de Gracia op 25th"]
[Site "Barcelona"]
[Date "2021.11.26"]
[Round "9"]
[White "Vargas Drechsler, Carlos"]
[Black "Martin Valentin, Francesco"]
[Result "1/2-1/2"]
[WhiteElo "1906"]
[BlackElo "1722"]
[PlyCount "41"]
[EventDate "2021.10.01"]
[EventType "swiss"]
[EventRounds "9"]
[EventCountry "ESP"]
[SourceTitle "EXT 2023"]
[Source "ChessBase"]
[SourceDate "2022.10.05"]
[SourceVersion "1"]
[SourceVersionDate "2022.10.05"]
[SourceQuality "1"]

1. b3 Nf6 2. Bb2 g6 3. d3 Bg7 4. Nd2 0-0 5. g3 c5 6. Bg2 Nc6 7. e3 Qc7 8. Ne2 d6 9. 0-0 Bg4 10. h3 Bd7 11. Nc4 d5 12. Nd2 Rad8 13. d4 cxd4 14. exd4 a6 15. Rc1 Qc8 16. Kh2 Qb8 17. Nf4 e6 18. Nd3 h5 19. Qf3 h4 20. c4 Nh5 21. Ne5 1/2-1/2

[Event "Barcelona Segura Memorial 1st"]
[Site "Barcelona"]
[Date "2021.11.24"]
[Round "9"]
[White "Vargas Drechsler, Carlos"]
[Black "Comellas Blanchart, Jordi"]
[Result "0-1"]
[WhiteElo "1924"]
[BlackElo "2044"]
[PlyCount "72"]
[EventDate "2021.09.29"]
[EventType "swiss"]
[EventRounds "9"]
[EventCountry "ESP"]
[SourceTitle "EXT 2023"]
[Source "ChessBase"]
[SourceDate "2022.10.05"]
[SourceVersion "1"]
[SourceVersionDate "2022.10.05"]
[SourceQuality "1"]

1. c4 c6 2. d4 d5 3. Nf3 Nf6 4. Nc3 e6 5. e3 Nbd7 6. Bd3 dxc4 7. Bxc4 b5 8. Bd3 Bb7 9. e4 b4 10. Ne2 c5 11. Ng3 Be7 12. h4 cxd4 13. Nxd4 0-0 14. Be3 Nc5 15. Bc2 Ncxe4 16. Nxe4 Nxe4 17. Qf3 Nc5 18. Qh5 g6 19. Qh6 Bf6 20. Rd1 Bg7 21. Qg5 Qxg5 22. hxg5 Bxg2 23. Rh2 Be4 24. Ke2 Rac8 25. Bxe4 Nxe4 26. Rdh1 Rfd8 27. Rxh7 Nxg5 28. Bxg5 Rxd4 29. Be3 Rc2+ 30. Kf3 Rd5 31. Bxa7 Rxb2 32. R7h4 Rxa2 33. Be3 Rb5 34. Rc4 Rb8 35. Bf4 e5 36. Bg3 b3 0-1

[Event "Barcelona Tres Peons"]
[Site "Barcelona"]
[Date "2021.10.11"]
[Round "4"]
[White "Vargas Drechsler, Carlos"]
[Black "Fortuny Profitos, Jordi"]
[Result "0-1"]
[WhiteElo "1924"]
[BlackElo "1984"]
[PlyCount "51"]
[EventDate "2021.09.20"]
[EventType "tourn"]
[EventRounds "9"]
[EventCountry "ESP"]
[SourceTitle "EXT 2023"]
[Source "ChessBase"]
[SourceDate "2022.10.05"]
[SourceVersion "1"]
[SourceVersionDate "2022.10.05"]
[SourceQuality "1"]

1. c4 Nf6 2. Nc3 g6 3. g3 Bg7 4. Bg2 0-0 5. Nf3 d6 6. d4 Nc6 7. 0-0 a6 8. a3 Rb8 9. e3 b5 10. Nd2 Bd7 11. cxb5 axb5 12. b4 e5 13. d5 Ne7 14. e4 Ne8 15. Nb3 f5 16. f3 Rf7 17. Bg5 h6 18. Bxe7 Qxe7 19. Qd2 h5 20. Rae1 f4 21. Kh1 Kh7 22. gxf4 Bh6 23. Qf2 Bxf4 24. Ne2 Bh6 25. Qg3 h4 26. Qf2 0-1

[Event "Barcelona Tres Peons"]
[Site "Barcelona"]
[Date "2021.09.27"]
[Round "2"]
[White "Vargas Drechsler, Carlos"]
[Black "Brusi Noguera, Ricardo Ll"]
[Result "1-0"]
[WhiteElo "1924"]
[BlackElo "2099"]
[PlyCount "57"]
[EventDate "2021.09.20"]
[EventType "tourn"]
[EventRounds "9"]
[EventCountry "ESP"]
[SourceTitle "EXT 2023"]
[Source "ChessBase"]
[SourceDate "2022.10.05"]
[SourceVersion "1"]
[SourceVersionDate "2022.10.05"]
[SourceQuality "1"]

1. e4 Nf6 2. Nc3 d5 3. exd5 Nxd5 4. Bc4 c6 5. Qf3 e6 6. Nge2 g6 7. h4 h5 8. d4 Bg7 9. Bg5 Qa5 10. 0-0-0 Nd7 11. Ne4 0-0 12. Bd2 Qb6 13. Bb3 a5 14. g4 hxg4 15. Qxg4 N7f6 16. Qg2 Nxe4 17. Qxe4 Nf6 18. Qg2 Qa6 19. Nf4 a4 20. Bxe6 Bxe6 21. Nxe6 a3 22. b3 fxe6 23. Qxg6 Qe2 24. Rdg1 Rf7 25. h5 Kf8 26. h6 Bh8 27. h7 Ke7 28. Bb4+ Ke8 29. Qg8+ 1-0

[Event "Barcelona Tres Peons-A"]
[Site "Barcelona"]
[Date "2021.03.17"]
[Round "4"]
[White "Comellas Blanchart, Jordi"]
[Black "Vargas Drechsler, Carlos"]
[Result "1-0"]
[WhiteElo "2145"]
[BlackElo "1857"]
[PlyCount "61"]
[EventDate "2021.02.24"]
[EventType "tourn"]
[EventRounds "9"]
[EventCountry "ESP"]
[SourceTitle "EXT 2022"]
[Source "ChessBase"]
[SourceDate "2021.10.06"]
[SourceVersion "1"]
[SourceVersionDate "2021.10.06"]
[SourceQuality "1"]

1. d4 Nf6 2. Nf3 c5 3. d5 e6 4. Nc3 Nxd5 5. Nxd5 exd5 6. Qxd5 Nc6 7. e4 Nb4 8. Qd1 Be7 9. a3 Nc6 10. Bc4 0-0 11. 0-0 b6 12. Bf4 Bb7 13. e5 Qc8 14. Re1 Nd8 15. Bd5 Ne6 16. Bg3 Bc6 17. Qd2 Qb7 18. Rad1 Rad8 19. Nh4 Nd4 20. Bxc6 dxc6 21. Qd3 g6 22. Qe4 Ne6 23. f4 Rd4 24. Rxd4 cxd4 25. f5 gxf5 26. Nxf5 Bc5 27. Qg4+ Kh8 28. Bh4 h6 29. Bf6+ Kh7 30. Qh5 d3+ 31. Kh1 1-0

[Event "Pardubice Czech op-B"]
[Site "Pardubice"]
[Date "2020.09.26"]
[Round "6"]
[White "Spanton, Timothy"]
[Black "Vargas Drechsler, Carlos"]
[Result "0-1"]
[WhiteElo "1813"]
[BlackElo "1825"]
[PlyCount "86"]
[EventDate "2020.09.21"]
[EventType "swiss"]
[EventRounds "9"]
[EventCountry "CZE"]
[SourceTitle "CBM 198 Extra"]
[Source "ChessBase"]
[SourceDate "2020.11.30"]
[SourceVersion "1"]
[SourceVersionDate "2020.11.30"]
[SourceQuality "1"]

1. d4 Nf6 2. Nc3 c5 3. d5 d6 4. e4 g6 5. Nf3 Bg7 6. Be2 0-0 7. 0-0 Na6 8. h3 Nc7 9. a4 Bd7 10. Be3 b6 11. Qd2 a6 12. Bh6 b5 13. Bxg7 Kxg7 14. Qe3 b4 15. Nb1 e6 16. dxe6 Nxe6 17. c4 Bc6 18. e5 dxe5 19. Nxe5 Bb7 20. Bf3 Qc7 21. Bxb7 Qxb7 22. Nf3 Rfe8 23. Qc1 Rad8 24. Nbd2 Nf4 25. Qc2 Re2 26. Rad1 Ne4 27. Rfe1 Nxd2 28. Rxe2 Nxf3+ 29. Kf1 Rxd1+ 30. Qxd1 Nxe2 31. Qxe2 Nd4 32. Qe5+ f6 33. Qxc5 Ne6 34. Qe3 Qd7 35. Kg1 Kf7 36. b3 Qd4 37. Qf3 Qa1+ 38. Kh2 Qe5+ 39. g3 a5 40. h4 Nc5 41. Qc6 Nxb3 42. Qd7+ Qe7 43. Qd5+ Kg7 0-1

[Event "Pardubice Czech op-B"]
[Site "Pardubice"]
[Date "2020.09.26"]
[Round "7"]
[White "Vargas Drechsler, Carlos"]
[Black "Zuziak, Petr"]
[Result "1-0"]
[WhiteElo "1825"]
[BlackElo "1861"]
[PlyCount "43"]
[EventDate "2020.09.21"]
[EventType "swiss"]
[EventRounds "9"]
[EventCountry "CZE"]
[SourceTitle "CBM 198 Extra"]
[Source "ChessBase"]
[SourceDate "2020.11.30"]
[SourceVersion "1"]
[SourceVersionDate "2020.11.30"]
[SourceQuality "1"]

1. e4 e5 2. Nf3 Nc6 3. Bc4 Bc5 4. 0-0 Nf6 5. d4 Bxd4 6. Nxd4 Nxd4 7. Bg5 h6 8. Bh4 g5 9. f4 Nxe4 10. Bxf7+ Kxf7 11. fxe5+ Kg6 12. Qxd4 d5 13. exd6 Nxd6 14. Bg3 Bf5 15. Nc3 Bxc2 16. Rac1 Bf5 17. Nd5 Rf8 18. Rxc7 Nb5 19. Rg7+ Kh5 20. Qe5 Bg6 21. Rxf8 Qxf8 22. Nf6+ 1-0

[Event "Prague Summer op-B 7th"]
[Site "Prague"]
[Date "2020.08.12"]
[Round "6"]
[White "Vargas Drechsler, Carlos"]
[Black "Von Lossow, Marcus"]
[Result "1-0"]
[WhiteElo "1829"]
[BlackElo "1685"]
[PlyCount "29"]
[EventDate "2020.08.08"]
[EventType "swiss"]
[EventRounds "9"]
[EventCountry "CZE"]
[SourceTitle "EXT 2021"]
[Source "ChessBase"]
[SourceDate "2020.10.23"]
[SourceVersion "1"]
[SourceVersionDate "2020.10.23"]
[SourceQuality "1"]

1. e4 e5 2. Nf3 Nc6 3. Bc4 Bc5 4. 0-0 Nf6 5. d4 exd4 6. e5 d5 7. exf6 dxc4 8. Re1+ Kf8 9. Bg5 Qd5 10. Nc3 Qf5 11. Ne4 Rg8 12. Qd2 Qd5 13. fxg7+ Rxg7 14. Nf6 Qd8 15. Nxh7+ 1-0

[Event "Prague Summer op-B 7th"]
[Site "Prague"]
[Date "2020.08.10"]
[Round "4"]
[White "Vargas Drechsler, Carlos"]
[Black "Arnold, Frieda"]
[Result "1/2-1/2"]
[WhiteElo "1829"]
[BlackElo "1789"]
[PlyCount "37"]
[EventDate "2020.08.08"]
[EventType "swiss"]
[EventRounds "9"]
[EventCountry "CZE"]
[SourceTitle "EXT 2021"]
[Source "ChessBase"]
[SourceDate "2020.10.23"]
[SourceVersion "1"]
[SourceVersionDate "2020.10.23"]
[SourceQuality "1"]

1. e4 c5 2. Nf3 Nc6 3. d4 cxd4 4. Nxd4 e5 5. Nb5 d6 6. c4 g6 7. Be3 Nf6 8. Bg5 Qa5+ 9. Qd2 Nxe4 10. Qxa5 Nxa5 11. Nc7+ Kd7 12. Nxa8 Nxg5 13. Nc3 Nc6 14. c5 dxc5 15. Bb5 Ne6 16. 0-0-0+ Ned4 17. Rhe1 Bh6+ 18. Kb1 f6 19. Ne4 1/2-1/2

[Event "Barcelona Tres Peons op 49th"]
[Site "Barcelona"]
[Date "2020.01.24"]
[Round "3"]
[White "Vargas Drechsler, Carlos"]
[Black "Peiron Lluch, Jose Daniel"]
[Result "1-0"]
[WhiteElo "1933"]
[BlackElo "1794"]
[PlyCount "51"]
[EventDate "2020.01.10"]
[EventType "swiss"]
[EventRounds "8"]
[EventCountry "ESP"]
[SourceTitle "CBM 195 Extra"]
[Source "ChessBase"]
[SourceDate "2020.05.31"]
[SourceVersion "1"]
[SourceVersionDate "2020.05.31"]
[SourceQuality "1"]

1. e4 d6 2. d4 Nf6 3. Nc3 e5 4. Nf3 Nbd7 5. Bc4 h6 6. h3 c6 7. a4 Be7 8. Be3 Qc7 9. Bb3 Nf8 10. Qd2 Bd7 11. g4 g5 12. a5 Be6 13. d5 Bd7 14. Qd3 Ng6 15. a6 b6 16. dxc6 Bxc6 17. Qc4 Bd8 18. 0-0-0 0-0 19. h4 Nxg4 20. hxg5 Nxe3 21. fxe3 hxg5 22. Rh6 Kg7 23. Rdh1 Nh4 24. Nxh4 gxh4 25. Rh5 Rh8 26. Rg1+ 1-0

[Event "Sant Andreu Tram-A"]
[Site "Barcelona"]
[Date "2019.10.12"]
[Round "4"]
[White "Vargas Drechsler, Carlos"]
[Black "Liarte Genoves, Sergi"]
[Result "1/2-1/2"]
[WhiteElo "1878"]
[BlackElo "1992"]
[PlyCount "89"]
[EventDate "2019.09.14"]
[EventType "tourn"]
[EventRounds "9"]
[EventCountry "ESP"]
[SourceTitle "CBM 195 Extra"]
[Source "ChessBase"]
[SourceDate "2020.05.31"]
[SourceVersion "1"]
[SourceVersionDate "2020.05.31"]
[SourceQuality "1"]

1. d4 Nf6 2. Nf3 d5 3. c4 e6 4. Nc3 Be7 5. Bg5 0-0 6. e3 h6 7. Bh4 Nbd7 8. Bd3 dxc4 9. Bxc4 c5 10. Rc1 Nb6 11. Bd3 cxd4 12. exd4 Bd7 13. 0-0 Bc6 14. Ne5 Rc8 15. Bb1 Nbd5 16. Re1 Nf4 17. Qc2 g5 18. Ng4 Kg7 19. Nxf6 Kxf6 20. Bg3 Bd6 21. h4 Qa5 22. d5 Bxd5 23. Bxf4 Bxf4 24. Rcd1 Bc6 25. Ne4+ Bxe4 26. Qxe4 Rc6 27. g3 Bb8 28. Qh7 gxh4 29. Qxh6+ Ke7 30. Qxh4+ Ke8 31. b4 Qb6 32. a4 Bd6 33. b5 Rc3 34. Kg2 Qc7 35. Qh5 Qe7 36. Be4 Rc7 37. Qf3 Bc5 38. a5 Rg8 39. a6 bxa6 40. Bc6+ Kf8 41. bxa6 Rg5 42. Bd5 Rf5 43. Qxf5 exf5 44. Rxe7 Kxe7 45. Bb7 1/2-1/2

[Event "Barcelona Sants op 21st"]
[Site "Barcelona"]
[Date "2019.08.23"]
[Round "1"]
[White "Martinez Hernandez, Emili"]
[Black "Vargas Drechsler, Carlos"]
[Result "0-1"]
[WhiteElo "1702"]
[BlackElo "1915"]
[PlyCount "118"]
[EventDate "2019.08.23"]
[EventType "swiss"]
[EventRounds "10"]
[EventCountry "ESP"]
[SourceTitle "EXT 2020"]
[Source "ChessBase"]
[SourceDate "2019.10.17"]
[SourceVersion "1"]
[SourceVersionDate "2019.10.17"]
[SourceQuality "1"]

1. Nf3 Nf6 2. b4 e6 3. a3 c5 4. bxc5 Bxc5 5. d4 Be7 6. e3 d5 7. c4 0-0 8. c5 b6 9. cxb6 axb6 10. Bd3 b5 11. 0-0 b4 12. Bb2 Nc6 13. Bb5 Qb6 14. a4 Ba6 15. Bxc6 Qxc6 16. Ne5 Qc7 17. Re1 Rfc8 18. Nd2 Qc2 19. Rb1 Bb7 20. Nb3 Rxa4 21. Qxc2 Rxc2 22. Rec1 Rxc1+ 23. Rxc1 Ra2 24. Nd3 Ba6 25. Nbc5 Bc4 26. Rb1 b3 27. Nc1 Bxc5 28. dxc5 Ne4 29. c6 Ra8 30. c7 Rc8 31. Be5 f6 32. Bg3 Nxg3 33. hxg3 Rxc7 34. Nxb3 Rb7 35. Nd2 Rxb1+ 36. Nxb1 Kf7 37. Nd2 Ke7 38. Nf3 e5 39. Nd2 Ba6 40. f3 Kd6 41. Kf2 Kc5 42. f4 Kd6 43. Nf3 Bd3 44. fxe5+ fxe5 45. Nd2 Be4 46. Nb3 Kc6 47. Nd2 Kc5 48. g4 Kb4 49. Nf1 Kc3 50. Ng3 g6 51. Ne2+ Kd2 52. Ng3 Bc2 53. Nf1+ Kd3 54. Ke1 Ke4 55. Kf2 Bd1 56. Nd2+ Kd3 57. Nf3 Bxf3 58. gxf3 d4 59. exd4 exd4 0-1